000 00921nam a2200217Ia 4500
003 Ost
005 20260507075525.0
008 260507s9999||||xx |||||||||||||| ||und||
040 _cfsecg
041 _aara
082 _a345.0268;364.168
100 _aقيشاح، نبيلة
_eمؤلف
245 0 _aالدور الوقائي للبنك في مكافحة تبييض الأموال /
_c نبيلة قيشاح
260 _aعمان:
_bدار الايام للنشر والتوزيع,
_c2016
300 _a182 صفحة؛
_c25 سم
504 _aببليوغرافيا:ص.171
520 _a-مفهوم جريمة تبييض الأموال -توصيات مجموعة العمل المالي الدولية -اتفاقية فينا 1988 -مكاتب الصرف -المؤسسات الخاصة والمهن غير المالية .
653 _aالبنوك
653 _aجرائم الأموال
942 _cكتاب
999 _c44794
_d44794